| 000 | 00360nam a2200157Ia 4500 | ||
|---|---|---|---|
| 003 | OSt | ||
| 005 | 20240304164709.0 | ||
| 008 | 170523s9999 xx 000 0 und d | ||
| 020 | _a978-1292355047 | ||
| 040 | _cIIMTU | ||
| 100 | _aRENDER- BARRY | ||
| 245 | 0 | _aPRINCIPLES OF OPERATION MANAGEMENT | |
| 260 | _bNEW DELHI PHI | ||
| 260 | _c1996 | ||
| 942 |
_2ddc _c02 |
||
| 999 |
_c932 _d932 |
||